000
00326nam a22001457a 4500
020
_a
019562375-4
082
_a
822
_b
BEC/S
100
_a
BECKETT, SAMUEL
245
_a
WAITING FOR GODOT
260
_a
INDIA
_b
FABER AND FABER LIMITED
_c
1999
300
_a
144
520
_a
ENGLISH NOVEL
650
_a
ENGLISH NOVEL
942
_c
BK
999
_c
5659
_d
5659